Bovis shows new year resolution (Record no. 78468)
[ view plain ]
| 000 -LEADER | |
|---|---|
| fixed length control field | 00897cab a2200193 4500 |
| 001 - CONTROL NUMBER | |
| control field | L136845 |
| 008 - FIXED-LENGTH DATA ELEMENTS--GENERAL INFORMATION | |
| fixed length control field | 070227n2007 000 0 eng u |
| 035 ## - SYSTEM CONTROL NUMBER | |
| System control number | (Sirsi) u136845 |
| 041 ## - LANGUAGE CODE | |
| Language code of text/sound track or separate title | eng |
| 100 1# - MAIN ENTRY--PERSONAL NAME | |
| Personal name | McCormick, Helen |
| 245 ## - TITLE STATEMENT | |
| Title | Bovis shows new year resolution |
| 260 ## - PUBLICATION, DISTRIBUTION, ETC. | |
| Date of publication, distribution, etc. | 2007 |
| 490 #0 - SERIES STATEMENT | |
| Series statement | Contract Journal |
| Volume/sequential designation | 436(6613) 21 February 2007, 16-17(2) |
| 520 ## - SUMMARY, ETC. | |
| Summary, etc. | Bovis Lend Lease topped the new work winners monthly league table for January 2007, with HBG Construction in second place and Edmund Nuttall in third. Balfour Beatty stayed at the top of the new work winners table for the past 12 months. Forward orders in January 2007 reached £3.11bn, the highest total since February 2005. This high figure was down to greater activity in all sectors, except industrial. |
| 590 ## - LOCAL NOTE (RLIN) | |
| Local note | KA |
| 651 #4 - SUBJECT ADDED ENTRY--GEOGRAPHIC NAME | |
| Geographic name | GREAT BRITAIN |
| 690 ## - LOCAL SUBJECT ADDED ENTRY--TOPICAL TERM (OCLC, RLIN) | |
| Topical term or geographic name as entry element | BUILT ENVIRONMENT-CONSTRUCTION MARKET |
| 942 ## - ADDED ENTRY ELEMENTS (KOHA) | |
| Suppress in OPAC | 0 |
| Withdrawn status | Lost status | Source of classification or shelving scheme | Damaged status | Not for loan | Home library | Current library | Shelving location | Date acquired | Total Checkouts | Full call number | Barcode | Date last seen | Copy number | Price effective from | Koha item type |
|---|---|---|---|---|---|---|---|---|---|---|---|---|---|---|---|
| Dewey Decimal Classification | London | London | Journal article | 27/02/2007 | L136845 | 136845-1001 | 06/08/2019 | 1 | 06/08/2019 | Journal article |